Россия: день сегодняшний

Saved in:
Bibliographic Details
Main Author: Родимкина, А.
Format: Book
Language:Russian
Published: 2008
Subjects:
Tags: Add Tag
No Tags, Be the first to tag this record!
Institutions: Mạng thư viện Đại học Đà Nẵng
LEADER 01117cam a22003251a 4500
001 000041112
003 17408
005 20160419000000.0
008 160419s2008 000 rus
041 |a rus 
082 |a 491.784  |b PO-A  |2 Đọc - Viết 5,6 
100 |a Родимкина, А. 
245 |a Россия: день сегодняшний  |c А.Родимкина, Н.Ландсман 
260 |c 2008 
300 |a 172tr. : mh ; 30cm 
650 |a Россия: день сегодняшний, Đọc - Viết 5,6. 
852 |b Chuyên đề  |c Giáo trình 
OWN |a LNN 
AVA |a UDN50  |b LNN  |d 491.784 PO-A  |e available  |t Error 5001 Not defined in file expand_doc_bib_avail.  |f 1  |g 0  |h N  |i 0  |k 1 
999 |a From the UDN01 
AVA |a UDN50  |b LNN  |d 491.784 PO-A  |e available  |t Error 5001 Not defined in file expand_doc_bib_avail.  |f 1  |g 0  |h N  |i 0  |k 1 
TYP |a Monograph 
TYP |a Printed language 
980 |a Mạng thư viện Đại học Đà Nẵng